| 000 | 00635nam a2200265 a 4500 | ||
|---|---|---|---|
| 003 | AR-BaBNM | ||
| 005 | 20251128203537.0 | ||
| 008 | 082120s2002 ||||||||||||||000 | spa|| | ||
| 040 | _cAR-BaBNM | ||
| 100 | 1 | _aOría, José A. | |
| 245 | 0 | 0 | _aVentura de la Vega |
| 260 |
_aBuenos Aires _bConi _c1939 |
||
| 300 | _a35 p. | ||
| 650 | 4 | _aBIOGRAFIAS | |
| 650 | 4 | _aCRITICA LITERARIA | |
| 650 | 4 | _aLITERATURA ESPAÑOLA | |
| 650 | 4 | _aHISTORIA LITERARIA | |
| 650 | 4 | _aESCRITORES | |
| 650 | 4 | _aANALISIS LITERARIO | |
| 650 | 4 | _aTEATRO | |
| 653 | 0 | _aPOLEMICAS LITERARIAS | |
| 655 | _aBIOGRAFIAS | ||
| 942 | _cBK | ||
| 998 | _cMARTIN | ||
| 999 |
_c3874 _d3874 |
||